000 00675nam a22002177a 4500
003 OSt
005 20160518183958.0
008 160518b xxu||||| |||| 00| 0 eng d
020 _a971-513-189-1
040 _cLIC
082 _22005
_aDFil 610.7307
_bUn8n
100 _98542
_aUntalan, Aaron T.
245 _aNursing board 101:
_bFAQ's of the nursing licensure examination/
_cAaron T. Untalan.
250 _aFirst Edition.
260 _aManila:
_bEducational Publishing House,
_cc2005.
300 _axi, 349 pages;
_c23 cm.
500 _aIncludes references.
650 0 _98544
_aNursing board
650 0 _98545
_aNursing
_xExamination, exercises, etc.
942 _2ddc
_cDFIL
999 _c2588
_d2588